• 首页
  • 本馆介绍
  • 公告通知
  • 最新文献
  • 馆藏检索
  • 电子资源
  • 读者导购
  • 参考咨询
  • 我的图书馆
  • 登录
  • 详细信息显示
  • 放入我的书架
  • 预约/预借图书
  • 作者相关作品
  • 分类相关作品
  • 丛书相关作品
  • 出版社相关作品

书目信息

  • 表格格式
  • 工作单格式
  • 卡片格式
题名:
市场调控模拟研究
    
 
作者: 郑文 著
分册:  
出版信息: 北京   中国言实出版社  2014
页数: 196页
开本: 24cm
丛书名:
单 册:
中图分类: F123.16
科图分类:
主题词: 宏观经济调控--研究--中国
电子资源:
ISBN: 978-7-5171-0751-4
000 00929nam0 2200253 450
001 338376
005 20150602095258.87
010    @a978-7-5171-0751-4@dCNY39.00
100    @a20141202d2014 em y0chiy50 ea
101 0  @achi
102    @aCN@b110000
105    @ay z 000yy
106    @ar
200 1  @a市场调控模拟研究@Ashi chang tiao kong mo ni yan jiu@f郑文著
210    @a北京@c中国言实出版社@d2014
215    @a196页@d24cm
300    @a当代社科研究文库
300    @a国家自然科学基金面上项目《抑制不当得利的价格监管模型与价格监管体系设计研究》研究成果
330    @a本书以由中国特色社会主义市场经济为切入点, 从系统仿真模拟的方法入手, 对网络产品价格、移动通信市场、小宗产品价格三个方面进行模拟分析, 力图在宏观调控方面提供有价值的决策建议。
606 0  @a宏观经济调控@x研究@y中国
690    @aF123.16@v5
701  0 @a郑文@Azheng wen@c(女, @f1970)@4著
801  0 @aCN@b卓展宏图@c20150525
905    @dF123.16@e255@f4
    
    市场调控模拟研究/郑文著.-北京:中国言实出版社,2014
    196页;24cm
    当代社科研究文库.-国家自然科学基金面上项目《抑制不当得利的价格监管模型与价格监管体系设计研究》研究成果
    
    ISBN 978-7-5171-0751-4:CNY39.00
    本书以由中国特色社会主义市场经济为切入点, 从系统仿真模拟的方法入手, 对网络产品价格、移动通信市场、小宗产品价格三个方面进行模拟分析, 力图在宏观调控方面提供有价值的决策建议。
●
相关链接 在E读中查询图书 在五车中查询图书 在当当中查询图书 在豆瓣中查询图书


正题名:市场调控模拟研究     索取号:F123.16/255         预约/预借

序号 登录号 条形码 馆藏地/架位号 状态 备注
1 861936   208619360   第一样本阅览室/ [索取号:F123.16/255] 在馆    
2 861937   208619379   第一借阅区/ [索取号:F123.16/255] 在馆    
3 861938   208619388   第一借阅区/ [索取号:F123.16/255] 在馆    
4 861939   208619397   经管系资料室/ [索取号:F123.16/255] 在馆    
唐山师范学院图书馆 欢迎您!
大连网信软件有限公司© 版权所有